Chaebol and labour in Korea (Record no. 1112008)

MARC details
000 -LEADER
fixed length control field 01306nam a2200325Ia 4500
003 - CONTROL NUMBER IDENTIFIER
control field OSt
005 - DATE AND TIME OF LATEST TRANSACTION
control field 20221006155939.0
008 - FIXED-LENGTH DATA ELEMENTS--GENERAL INFORMATION
fixed length control field 221006b |||||||| |||| 00| 0 eng d
020 ## - INTERNATIONAL STANDARD BOOK NUMBER
International Standard Book Number 9780415221696
-- 00.00
037 ## - SOURCE OF ACQUISITION
Terms of availability Textual
040 ## - CATALOGING SOURCE
Original cataloging agency EASL
Transcribing agency EASL
Language of cataloging eng
041 ## - LANGUAGE CODE
Source of code eng
Language code of text/sound track or separate title eng
100 ## - MAIN ENTRY--PERSONAL NAME
Personal name Kwon Seung-Ho
9 (RLIN) 671151
245 #0 - TITLE STATEMENT
Title Chaebol and labour in Korea
Remainder of title The development of management strategy in Hyundai
260 ## - PUBLICATION, DISTRIBUTION, ETC.
Place of publication, distribution, etc. London
Name of publisher, distributor, etc. Routledge
Date of publication, distribution, etc. 2001
300 ## - PHYSICAL DESCRIPTION
Extent 217p.
Dimensions cm.
490 ## - SERIES STATEMENT
Volume/sequential designation KEL
Series statement Routledge/Asian Studies Association of Australia (ASAA) East Asia Series
650 ## - SUBJECT ADDED ENTRY--TOPICAL TERM
Topical term or geographic name entry element Big business - Korea - South - Case Studies
9 (RLIN) 671152
650 ## - SUBJECT ADDED ENTRY--TOPICAL TERM
Topical term or geographic name entry element Conglomerate corporations - Korea - South - Case studies
9 (RLIN) 671153
650 ## - SUBJECT ADDED ENTRY--TOPICAL TERM
Topical term or geographic name entry element Industrial management - Korea - South - Case studies
9 (RLIN) 671154
650 ## - SUBJECT ADDED ENTRY--TOPICAL TERM
Topical term or geographic name entry element Industrial relations - Korea - South - Case studies
9 (RLIN) 671155
650 ## - SUBJECT ADDED ENTRY--TOPICAL TERM
Topical term or geographic name entry element Hyaendae Chonghup Sangsa - Korea - Management
9 (RLIN) 671156
700 ## - ADDED ENTRY--PERSONAL NAME
Personal name O'Donnell Michael
9 (RLIN) 671157
942 ## - ADDED ENTRY ELEMENTS (KOHA)
Classification part X8(A):8.495, P1
Koha item type Textual
Source of classification or shelving scheme Colon Classification (CC)
Holdings
Withdrawn status Lost status Source of classification or shelving scheme Damaged status Not for loan Home library Current library Date acquired Source of acquisition Serial Enumeration / chronology Total Checkouts Full call number Barcode Date last seen Price effective from Koha item type
          Department of East Asian Studies Library Department of East Asian Studies Library 2022-10-06 Gift, Embassy of Korea (Window on Korea) KEL   X8(A):8.495 P1 EA1396618 2022-10-06 2022-10-06 Textual
Copyright @ Delhi University Library System